Sonia Gómez-Jordana Ferary, Por qué los refranes siempre tienen razón. Viaje lingüístico desde la Edad Media a nuestros días a través de los 25 proverbios más usados en español (notice n° 1613105)

détails MARC
000 -LEADER
fixed length control field 01028cam a2200157 4500500
005 - DATE AND TIME OF LATEST TRANSACTION
control field 20260111045328.0
041 ## - LANGUAGE CODE
Language code of text/sound track or separate title fre
042 ## - AUTHENTICATION CODE
Authentication code dc
100 10 - MAIN ENTRY--PERSONAL NAME
Personal name Darbord, Bernard
Relator term author
245 00 - TITLE STATEMENT
Title Sonia Gómez-Jordana Ferary, Por qué los refranes siempre tienen razón. Viaje lingüístico desde la Edad Media a nuestros días a través de los 25 proverbios más usados en español
260 ## - PUBLICATION, DISTRIBUTION, ETC.
Date of publication, distribution, etc. 2025.<br/>
500 ## - GENERAL NOTE
General note 12
520 ## - SUMMARY, ETC.
Summary, etc. El retrato historiográfico clásico y su influencia en la historiografía latina posterior ha sido un objeto de estudio frecuente desde las perspectivas propias de la Tradición. Aquí se propone una revisión de dichas cualidades aplicadas a varios textos historiográficos. Tal revisión de la metodología implementa, además, un mayor enfoque en la función pedagógico-política del retrato.
786 0# - DATA SOURCE ENTRY
Note Bulletin Hispanique | - | 2 | 2025-12-15 | p. 306-311 | 0007-4640
856 41 - ELECTRONIC LOCATION AND ACCESS
Uniform Resource Identifier <a href="https://shs.cairn.info/revista-bulletin-hispanique-2025-2-page-306?lang=es&redirect-ssocas=7080">https://shs.cairn.info/revista-bulletin-hispanique-2025-2-page-306?lang=es&redirect-ssocas=7080</a>

Pas d'exemplaire disponible.

PLUDOC

PLUDOC est la plateforme unique et centralisée de gestion des bibliothèques physiques et numériques de Guinée administré par le CEDUST. Elle est la plus grande base de données de ressources documentaires pour les Étudiants, Enseignants chercheurs et Chercheurs de Guinée.

Adresse

627 919 101/664 919 101

25 boulevard du commerce
Kaloum, Conakry, Guinée

Réseaux sociaux

Powered by Netsen Group @ 2025